Prof. Ing. Václav Pilous, DrSc., Dr.h.c. - oslavil 75-leté životní jubileum

Podrobná bibliografia
Médium: Článok
Jazyk:slovenčina
čeština
ISSN:0044-5525
Predmet:

MARC

LEADER 00000nab a2200000 a 4500
001 vtls008157158
003 SK-MaSNL
005 20260304143511.0
008 250505c2005 xo mr|p|||||||000 b|slo
015 |a SNBRB2005/05  |2 snkbucl 
035 |a (sysno)vtls008157158 
035 |a urn:nbn:sk:snk-ab6om2 
035 |a (uuid)7e70164e-1db4-4647-b79a-694d6a5c9152 
035 |a (urnnbn)urn:nbn:sk:snk:ar-005ox8 
038 |a SNKBUCL 
040 |a SNKBUCL  |b slo  |c SNKBUCL  |e AACR2 
041 0 |a cze 
044 |a xo  |c SK 
080 |a 621.791-051  |2 1997 
080 |a 37-051  |2 1997 
080 |a 929 Pilous, Václav  |2 1997 
080 |a 669.017-051  |2 1997 
245 0 0 |a Prof. Ing. Václav Pilous, DrSc., Dr.h.c. - oslavil 75-leté životní jubileum  |c redakce 
600 1 7 |a Pilous, Václav,  |d 1930-  |2 snkbucl  |9 5515 
773 0 |t Zváranie = Svařování  |g Roč. 54, č. 2 (2005), s. 59-60  |x 0044-5525 
850 |a Slovenská národná knižnica 
852 |a Slovenská národná knižnica 
954 |a odborná, vedecká literatúra pôvodná (slovenská)  |2 lita 
954 |a odborná, vedecká literatúra cudzojazyčná (svetová)  |2 lita 
958 |a article 
958 |a OND 
958 |a CZ 
958 |a BC 
958 |a EUIPO 
999 |c 2925744  |d 2927674